Egzorcysta - Statystyki

Ogólne statystyki
  • Ten quiz został rozwiązany 611 razy
  • Średni wynik to 9 z 17
Statystyki odpowiedzi
Hint Odpowiedź % Poprawnych
Jego pomocnik Marcinek
96%
Imię i nazwisko głównego bohatera Bogdan Boner
94%
Władca piekła Belzedup
92%
Oraz ten drugi Domino
92%
Drży przed nim nawet szatan Ksiądz Natan
90%
Najpotężniejszy z demonów smogu, prawdopodobnie kibol Cracovii Smok wawelski
53%
Diabeł - homoseksualista Dupcyper
47%
Wygrał zawody MMA Pentakilo
47%
Kapela metalowa, gra takie hity jak "Necrodżentelmenel" Ajronwejder
45%
Klub sportowy z Piekła Stolczyk Piekło
41%
Zbuntowany diabeł, chcący obalić Belzedupa. Ma charakterystyczne rogi. Kutasorożec
40%
Zabronił wampirom plądrowania śmietników Wampizd
39%
Porywała mieszkańców Bieżników Łysych Baba Jaga
33%
Klub sportowy z kosmosu Remis Rakieta
29%
Boner przebrał się za niego podczas oczyszczania kopalni w Rudzie Śląskiej Proktoagresor
23%
Syn Radosława i Sylwii Cwelarczyków, opętany przez demona Tymian
20%
Służy do wywoływania duchów Tablica HOUIJA
18%
Nie znaleziono quizów pasujących do podanych kryteriów
Rozkład punktacji
Procent ludzi z każdym wynikiem
Percentyl według liczby udzielonych odpowiedzi
Twoja historia wyników
Nie rozwiązałeś tego quizu